Score 0/14 Timer 02:00
0 Plays Today
Clue 6-Letter Word % Correct
Mini Ladder ALETTER
90.1%
Mini Ladder ABETTER
89.2%
Mini Ladder ALITTER
82.3%
Mini Ladder ABEAVER
76.1%
Mini Ladder ABEATER
75.3%
Mini Ladder BREPENT
75.1%
Mini Ladder BRECENT
74.7%
Clue 6-Letter Word % Correct
Mini Ladder BREPEAT
68.4%
Mini Ladder BREPEAL
64%
Mini Ladder BDECENT
57.9%
Mini Ladder BREVEAL
48.3%
Mini Ladder ALISTEN
46.1%
Mini Ladder ALISTER
45.2%
Mini Ladder BDECEIT
33.6%

Today's Daily Dose

Missing Word
'T' Pairs

Word Ladder
Game Pieces

Get the Picture
Baseball Movies

Remove Ads.
Support Sporcle.
Get the best of Sporcle when you Go Orange. This ad-free experience offers more features, more stats, and more fun while also helping to support Sporcle. Thank you for becoming a member.

You're not logged in!

Compare scores with friends on all Sporcle quizzes.
OR
Log In

Show Comments

Extras

Top Quizzes Today


Score Distribution

Your Account Isn't Verified!

In order to create a playlist on Sporcle, you need to verify the email address you used during registration. Go to your Sporcle Settings to finish the process.

Report this User

Report this user for behavior that violates our Community Guidelines.

Details: